000 00701nam a22002057a 4500
003 DO-SdBNP
005 20250624133810.0
007 ta
008 211126b2019 ||||e |||| 001 0 spa d
040 _aDO-SdBNP
_bspa
_cBNPHU
082 4 _222
_a343.0946
_bI597m
110 1 0 _aInstituto Universitario de Tráfico y Seguridad Vial de la Universidad de Valencia
_978744
245 1 0 _aManual de conducción y seguridad vial :
_bpermiso de aprendizaje ; conocimientos comunes /
_cINTRAS
260 _a[Santo Domingo ] :
_bINTRANT,
_c2019.
300 _a155 p. :
_bil. ;
_c21 cm.
590 _aInventariado. 2021 / SA
700 1 _a LIopis, Pau
_eColaborador
_980762
910 _aSaquino
942 _2ddc
_cLBS1
999 _c51054
_d51054